LEADER 01022nam a2200241 u 4500 001 000000057603 003 CaOOAMICUS 005 20070226120612.0 008 010514s1961 miu u000 u eng u 035 $a10888597 040 $aPUL(R)$bita 100 1 $aBredvold, Louis Ignatius,$d1888-$0(OLS)http://pul/name/40173 245 14$aThe Brave New World of the Enlightment /$cby Louis I. Bredvold. 260 $aAnn Arbor :$bThe University of Michigan Press,$c1961. 300 $a164 p. ;$c21 cm 504 $aBibliografia in nota. 650 4$aFilosofia inglese.$0(OLS)http://pul/subject/7566 650 4$aIlluminismo.$0(OLS)http://pul/subject/1898 850 $aPUL 852 $aPUL$W1$xDP1 Altre Collocazioni$y17$mSenza collocazione$j12$nBK-PRI$b $qStampati$B75315$CPULBib$Z2$F75315 $H $81 941 1 $a8 996 $6245$aThe Brave New World of the Enlightment$9(OLS)http://pul/title/77129 996 $6260$aAnn Arbor :$bThe University of Michigan Press$9(OLS)http://pul/publisher/69485 LEADER 01382nam a2200301 a 4500 001 000000153231 003 CaOOAMICUS 005 20160722132230.0 008 160722s2016 be u100 u fre r 020 $z978-90-429-3313-2* 032 $aLibriCat 040 $aPUL$bita 100 1 $aSevrin, Jean-Marie,$cO.F.M.$0(OLS)http://pul/name/2460 245 13$aLe quatrième Évangile : $brecueil d'études /$cpar Jean-Marie Sevrin ; édité par Gilbert van Belle. 260 $aLeuven, Paris, Bristol :$bPeeters,$c2016. 300 $aXIV, 281 p. ;$c24 cm. 490 1 $aBibliotheca Ephemeridum theologicarum Lovaniensium ;$v281 504 $aBibliografia in nota. 630 04$aBiblia.$pN.T.$pEvangelia$xCritica e interpretazione.$0(OLS)http://pul/subject/2670 700 1 $aBelle, Gilbert van.$0(OLS)http://pul/name/9797 830 0$aBibliotheca Ephemeridum theologicarum Lovaniensium ;$v281.$0(OLS)http://pul/title/1445 850 $aPUL 852 $aPUL$W1$xSL Religione 1$y3$m17 A 281$j176436$qStampati$B178908$CPULBib$Z2$F178908 $H128014 $81 941 1 $a8 996 $6020$z978-90-429-3313-2*$9(OLS)http://pul/number/160740 996 $6245$aLe quatrième Évangile : $brecueil d'études$9(OLS)http://pul/title/192662 996 $6260$aLeuven, Paris, Bristol :$bPeeters$9(OLS)http://pul/publisher/83372